[Event "Leipzig VfB op 08th"]
[Site "Leipzig"]
[Date "2001.02.21"]
[Round "2"]
[White "Pietzsch, Manuel"]
[Black "Krenz, Hartmut"]
[Result "1-0"]
[WhiteElo "2086"]
[BlackElo "1494"]
[PlyCount "75"]
[EventDate "2001.02.20"]
[EventType "swiss"]
[EventRounds "9"]
[EventCountry "GER"]
[SourceTitle "EXT 2008"]
[Source "ChessBase"]
[SourceDate "2007.11.25"]
[SourceVersion "1"]
[SourceVersionDate "2007.11.25"]
[SourceQuality "1"]

1. e4 c5 2. Nf3 g6 3. Bc4 e6 4. c3 Bg7 5. 0-0 Nc6 6. d3 Nf6 7. Re1 0-0 8. e5 Ng4 9. Bf4 Bh6 10. Qd2 Kg7 11. Ng5 f6 12. Ne4 fxe5 13. Bxh6+ Nxh6 14. Nxc5 b6 15. Ne4 d5 16. Bb5 Ne7 17. Ng3 Ng4 18. f3 Qd6 19. fxg4 Qc5+ 20. Qe3 Qxb5 21. Qxe5+ Kg8 22. c4 Qc5+ 23. d4 Qxc4 24. Nd2 Qc2 25. Nf3 Qxb2 26. Qd6 Re8 27. Rac1 Kh8 28. Rc7 a5 29. Rxe7 Rxe7 30. Qxe7 Qb4 31. Qd8+ Kg7 32. Rc1 Qf8 33. Rc7+ Kg8 34. Qh4 h6 35. Ne5 Qf4 36. Ne2 Qe3+ 37. Kh1 Ba6 38. Qe7 1-0